000 00740nam a2200241Ia 4500
003 OSt
005 20220927105759.0
006 a|||||r|||| 00| 0
007 ta
008 220926b |||||||| |||| 00| 0 eng d
024 _a196637
037 _cReference Collections
040 _aRTL
_cRTL
_beng
041 _2eng
_aeng
082 _a"X93:8J.213r, Q2/GD"
110 _a"KARNATAKA, ACCOUNTANT GENERAL"
_9375041
245 0 _aReport
_b Commercial- Civil and commercial audit- Highlights
260 _a"Mysore,"
_bGovt. Press
490 _v01493953: 2010-11 No. 4 (25p)
700 _a"KARNATAKA, ACCOUNTANT GENERAL"
_9375042
942 _h"X93:8J.213r, Q2/GD"
_cCC
999 _c694670
_d694670